Manual de interpretación lectora : comprensión y producción de textos /

Guardat en:
Dades bibliogràfiques
Autor principal: Murillo Pineda, Angela Rocío (autor)
Altres autors: Martínez Preciado, Zulma (autor) (autor)
Format: Llibre
Idioma:espanyol
Publicat: Bogotá, Colombia : Universidad Pedagógica Nacional, 2016, c2016
Matèries:
Etiquetes: Afegir etiqueta
Sense etiquetes, Sigues el primer a etiquetar aquest registre!

MARC

LEADER 00000nam^a2200000^a^4500
001 000399748
005 20250521000000.0
009 20260310121601.16
020 |a 978-958-8908-87-8 
037 |a Acervo ITESO - Biblioteca 
041 |a ESP 
082 |a 378. 1702812  |b MUR V. 1 
100 |a Murillo Pineda, Angela Rocío  |e (autor) 
245 1 0 |a Manual de interpretación lectora :  |b comprensión y producción de textos /  |c A.R. Murillo Pineda, Z. Martínez Preciado. 
264 4 |a Bogotá, Colombia :  |b Universidad Pedagógica Nacional,  |c 2016, c2016 
300 |a 226 p. 
336 |a texto  |b txt  |2 rdacontenido 
337 |a sin mediación  |b n  |2 rdamedio 
338 |a volumen  |b nc  |2 rdasoporte 
521 |a FIL 2017 EEnlace Departamento de Lenguas 
649 |a XX 
650 |a Comprensión 
650 |a Lectura -  |x Metodología -  |x Tema Principal 
650 |a Estudio -  |x Método -  |x Tema Principal 
650 |a Estrategias de Aprendizaje 
650 |a Metodología Educativa 
650 |a Proceso Educativo 
650 |a Comunicación Escrita -  |x Estudio y Enseñanza -  |x Tema Principal 
650 |a Competencia Lingüística 
650 |a Competencias (Educación) 
650 |a Metodología Educativa 
650 |a Educación Superior 
700 |a Martínez Preciado, Zulma  |e (autor) 
910 |a Fondo General 
920 |a Impresos - Libros 
930 |a Colección General 
905 |a 101 
901 |a 0500294948  |b IT1  |c LEN  |i c156839  |u 20250521 
902 |a https://opac.biblio.iteso.mx/vufind/Record/000399748